|
|
|
|
| LEADER |
00000nam a2200000Ia 4500 |
| 008 |
180918b2011 cr ||||| |||| 00| | spa d |
| 999 |
|
|
|c 2410
|d 2410
|
| 090 |
|
|
|a Archivo #11
|
| 100 |
|
|
|a Corrales Retana, Gloriana
|9 4251
|
| 245 |
1 |
0 |
|a Mexicana analiza retos de la investigación educativa /
|c Gloriana Corrales Retana
|
| 260 |
|
|
|a San José, Costa Rica :
|b Universidad de Costa Rica,
|c 2011
|
| 300 |
|
|
|a 1 página Artículo
|
| 500 |
|
|
|a En: htpp://www.ucr.ac.cr/Noticias/2011/02/08/mexicana-analiza-retos-de-la-investigacion-educativa\II Congreso Internacional de Investigación Educativa
|
| 650 |
1 |
4 |
|a EDUCACIÓN
|9 1
|
| 650 |
1 |
4 |
|a CONFERENCIA
|9 506
|
| 856 |
|
|
|u https://www.ucr.ac.cr/noticias/2011/02/08/mexicana-analiza-retos-de-la-investigacion-educativa.html
|
| 942 |
|
|
|i 002266
|h Archivo #11
|2 z
|c 07
|